Loading...
| Literature - American | 0 | 4 | 0 | 0 | 40 | 84 | 112.50 | 1 | 1 | 10.94 | 21.88 |
| Literature - World | 0 | 3 | 0 | 0 | 30 | 102 | 113.00 | 0 | 2 | 7.04 | 18.75 |
| Literature - European | 0 | 3 | 1 | 0 | 25 | 79 | 106.67 | 0 | 2 | 7.02 | 17.71 |
| Social Science | 0 | 2 | 0 | 1 | 20 | 39 | 74.50 | 0 | 2 | 8.19 | 12.50 |
| Religion | 0 | 2 | 0 | 0 | 20 | 68 | 91.00 | 1 | 1 | 7.15 | 12.50 |
| Mythology | 0 | 2 | 0 | 0 | 20 | 35 | 54.50 | 0 | 2 | 14.55 | 15.63 |
| Literature - British | 0 | 2 | 1 | 1 | 15 | 106 | 125.50 | 0 | 1 | 3.32 | 9.38 |
| Current Events | 0 | 1 | 0 | 0 | 10 | 18 | 18.00 | 1 | 1 | 28.65 | 33.33 |
| History - World | 0 | 1 | 0 | 0 | 10 | 75 | 75.00 | 0 | 1 | 5.66 | 8.33 |
| History - Other | 0 | 1 | 0 | 0 | 10 | 100 | 100.00 | 0 | 1 | 2.88 | 6.25 |
| Science - Biology | 0 | 1 | 0 | 0 | 10 | 98 | 98.00 | 0 | 1 | 0.94 | 6.25 |
| Fine Arts - Painting and Sculpture | 0 | 1 | 0 | 0 | 10 | 67 | 67.00 | 0 | 1 | 6.20 | 9.38 |
| History - American | 0 | 1 | 0 | 0 | 10 | 63 | 63.00 | 0 | 0 | 5.41 | 3.13 |
| History - European | 0 | 0 | 1 | 0 | -5 | 0.00 | 0 | 0 | 0.00 | 0.00 | |
| Popular Culture | 0 | 0 | 1 | 0 | -5 | 0.00 | 0 | 0 | 0.00 | 0.00 |